[Event "Karlsruhe Grenke op"]
[Site "Karlsruhe"]
[Date "2024.03.30"]
[Round "5"]
[White "Bazakutsa, Svyatoslav"]
[Black "Song, Julien"]
[Result "1-0"]
[WhiteElo "2462"]
[BlackElo "2311"]
[PlyCount "89"]
[EventDate "2024.03.28"]
[EventType "swiss"]
[EventRounds "9"]
[EventCountry "GER"]
[SourceTitle "CB14_2024"]
[SourceDate "2024.04.01"]
[SourceVersion "1"]
[SourceVersionDate "2024.04.01"]
[SourceQuality "1"]

1. c4 c5 2. Nf3 Nf6 3. d4 cxd4 4. Nxd4 e6 5. g3 d5 6. Bg2 Be7 7. 0-0 0-0 8. cxd5 Nxd5 9. Nc3 Nxc3 10. bxc3 e5 11. Nc2 Nc6 12. Ne3 Be6 13. Qa4 Bd7 14. Rb1 Rb8 15. Nd5 Bc5 16. Rd1 Qe8 17. Qh4 Bf5 18. Rb5 b6 19. Be3 Bxe3 20. Nxe3 Be6 21. c4 f6 22. Be4 g6 23. Nd5 Kg7 24. Nc7 Qf7 25. Nxe6+ Qxe6 26. Rbd5 Rbd8 27. e3 Rxd5 28. cxd5 Qd6 29. Bf3 Ne7 30. Qa4 a5 31. Rc1 Rc8 32. Rxc8 Nxc8 33. e4 Ne7 34. Be2 f5 35. f3 fxe4 36. fxe4 Qc5+ 37. Kg2 Qe3 38. Qc2 Nc8 39. Qc7+ Kh6 40. Bf3 Qd2+ 41. Kh3 Qf2 42. Kg4 Qxh2 43. Qxe5 b5 44. Qf6 Qh5+ 45. Kf4 1-0

[Event "Karlsruhe Grenke op"]
[Site "Karlsruhe"]
[Date "2024.03.28"]
[Round "1"]
[White "Bazakutsa, Svyatoslav"]
[Black "Kwiatkowski, Jakub1"]
[Result "1-0"]
[WhiteElo "2462"]
[BlackElo "2105"]
[PlyCount "62"]
[EventDate "2024.03.28"]
[EventType "swiss"]
[EventRounds "9"]
[EventCountry "GER"]
[SourceTitle "CB14_2024"]
[SourceDate "2024.04.01"]
[SourceVersion "1"]
[SourceVersionDate "2024.04.01"]
[SourceQuality "1"]

1. c4 Nf6 2. Nc3 e6 3. e4 c5 4. e5 Ng8 5. d4 cxd4 6. Qxd4 Nc6 7. Qf4 d6 8. Nf3 dxe5 9. Nxe5 Nf6 10. Nxc6 bxc6 11. Qg3 Bc5 12. Be2 0-0 13. 0-0 Bd6 14. Bf4 Bxf4 15. Qxf4 Qe7 16. Bf3 e5 17. Rfe1 Re8 18. Qe3 Bd7 19. Rad1 Rab8 20. b3 a5 21. c5 Rb4 22. h3 h6 23. Rd6 e4 24. Be2 Ra8 25. Bc4 Ne8 26. Rd4 Nc7 27. Nxe4 Be6 28. Nd6 Qf6 29. Rf4 Nd5 30. Rxf6 Nxe3 31. Rxe6 Nd5 1-0

[Event "BCF-chT 2324 (4NCL)"]
[Site "England"]
[Date "2023.11.12"]
[Round "2.4"]
[White "Bazakutsa, Svyatoslav"]
[Black "Berry, Neil"]
[Result "1/2-1/2"]
[WhiteElo "2456"]
[BlackElo "2255"]
[PlyCount "123"]
[EventDate "2023.11.11"]
[EventType "team-tourn"]
[EventRounds "11"]
[EventCountry "ENG"]
[SourceTitle "CB46_2023"]
[SourceDate "2023.11.15"]
[SourceVersion "1"]
[SourceVersionDate "2023.11.15"]
[SourceQuality "1"]
[WhiteTeam "Wood Green Youth"]
[BlackTeam "Alba"]
[WhiteTeamCountry "ENG"]
[BlackTeamCountry "ENG"]

1. c4 e6 2. Nf3 d5 3. e3 c5 4. cxd5 exd5 5. d4 Nf6 6. Bb5+ Nbd7 7. dxc5 a6 8. Bxd7+ Bxd7 9. Nc3 Bxc5 10. Nxd5 Bb5 11. Nc3 Qxd1+ 12. Kxd1 Rd8+ 13. Bd2 Bd3 14. Ne5 Be4 15. Ke2 Bxg2 16. Rhg1 Be4 17. Nxe4 Nxe4 18. Nd3 0-0 19. Nxc5 Nxc5 20. Bb4 Rd5 21. Rac1 b6 22. Bxc5 bxc5 23. Rg4 Rfd8 24. Rc2 Rh5 25. Ra4 Rd6 26. b4 Kf8 27. bxc5 Rc6 28. h4 Rhxc5 29. Rxc5 Rxc5 30. Rxa6 Rc2+ 31. Kf3 h5 32. Ra7 Rc4 33. Kg3 Rg4+ 34. Kh3 Rc4 35. Ra3 Ke7 36. f3 g6 37. Kg3 Ke6 38. Ra6+ Ke7 39. e4 Rc1 40. a4 Rg1+ 41. Kh2 Ra1 42. Kg2 Ra3 43. a5 Ra1 44. Kg3 Rg1+ 45. Kf4 f6 46. Ra8 Kf7 47. Ra7+ Ke6 48. Ra6+ Kf7 49. Rc6 Ra1 50. a6 Ra5 51. Rb6 g5+ 52. Kg3 Ra3 53. hxg5 fxg5 54. Rh6 g4 55. Rxh5 gxf3 56. Rh7+ Kf6 57. Ra7 Ke5 58. Ra8 Kd4 59. Kf2 Kc5 60. e5 Kd5 61. e6 Kxe6 62. a7 1/2-1/2

[Event "BCF-chT 2324 (4NCL)"]
[Site "England"]
[Date "2023.11.11"]
[Round "1.3"]
[White "Murphy, Conor"]
[Black "Bazakutsa, Svyatoslav"]
[Result "1-0"]
[WhiteElo "2481"]
[BlackElo "2456"]
[PlyCount "108"]
[EventDate "2023.11.11"]
[EventType "team-tourn"]
[EventRounds "11"]
[EventCountry "ENG"]
[SourceTitle "CB46_2023"]
[SourceDate "2023.11.15"]
[SourceVersion "1"]
[SourceVersionDate "2023.11.15"]
[SourceQuality "1"]
[WhiteTeam "Wood Green"]
[BlackTeam "Wood Green Youth"]
[WhiteTeamCountry "ENG"]
[BlackTeamCountry "ENG"]

1. d4 Nf6 2. c4 g6 3. Nc3 Bg7 4. e4 d6 5. Nf3 0-0 6. Be2 e5 7. 0-0 exd4 8. Nxd4 Re8 9. f3 c6 10. Nc2 Na6 11. Kh1 h6 12. Bf4 d5 13. cxd5 cxd5 14. exd5 Nh5 15. Bc1 Bd7 16. g4 Nf6 17. Bxa6 bxa6 18. Bf4 Rc8 19. Qd2 Qb6 20. Rab1 Rc4 21. Be3 Qb7 22. Na3 Rcc8 23. Bd4 Qb4 24. Nc2 Qa5 25. Ne3 h5 26. g5 Nh7 27. Bxg7 Kxg7 28. Qd4+ Kg8 29. Ne4 Qxa2 30. Nd6 Nxg5 31. Qf4 Qb3 32. Qxg5 Qxe3 33. Qxe3 Rxe3 34. Nxc8 Bxc8 35. Rbe1 Rxe1 36. Rxe1 Kf8 37. d6 Be6 38. Rc1 Ke8 39. Rc7 g5 40. Kg2 h4 41. Rxa7 Kd8 42. Kf2 Bc4 43. Ke3 Bd5 44. Re7 f6 45. Rg7 Be6 46. Kd4 Bh3 47. Kd5 Bg2 48. Ke6 Bh3+ 49. Kxf6 Bg2 50. Rxg5 Bxf3 51. Ke6 Bc6 52. Rg8+ Be8 53. d7 Kc7 54. dxe8Q Kb6 1-0

[Event "Pozarevac Rudar GM 11"]
[Site "Pozarevac"]
[Date "2023.11.07"]
[Round "8.2"]
[White "Bazakutsa, Svyatoslav"]
[Black "Namitbir, Singh Walia"]
[Result "1-0"]
[WhiteElo "2457"]
[BlackElo "2364"]
[PlyCount "85"]
[EventDate "2023.10.31"]
[EventType "tourn"]
[EventRounds "9"]
[EventCountry "SRB"]
[EventCategory "7"]
[SourceTitle "CB46_2023"]
[SourceDate "2023.11.15"]
[SourceVersion "1"]
[SourceVersionDate "2023.11.15"]
[SourceQuality "1"]

1. c4 e5 2. g3 c6 3. Nf3 e4 4. Nd4 d5 5. d3 Nf6 6. Bg2 Bb4+ 7. Nc3 0-0 8. 0-0 Re8 9. cxd5 Bxc3 10. bxc3 cxd5 11. Bg5 b6 12. dxe4 dxe4 13. Nb5 Qe7 14. Bxf6 gxf6 15. Nd6 Bb7 16. e3 Na6 17. Nxe8 Rxe8 18. Bh3 Qe5 19. Bd7 Re7 20. Bf5 Qxf5 21. Qd8+ Kg7 22. Qxe7 Nc5 23. Rfd1 Ba6 24. Qd6 Ne6 25. h4 Be2 26. g4 Bxg4 27. Rd5 Qf3 28. Qg3 Qe2 29. Kh2 h5 30. Rxh5 Ng5 31. Rxg5+ fxg5 32. hxg5 Bf3 33. Qe5+ Kh7 34. Kg3 Qc4 35. a4 Qc8 36. Qf4 Kg8 37. Rb1 Qxc3 38. g6 fxg6 39. Qb8+ Kh7 40. Qxa7+ Kh6 41. Qb8 Qc5 42. Qh8+ Kg5 43. Rb5 1-0

[Event "Pozarevac Rudar GM 11"]
[Site "Pozarevac"]
[Date "2023.11.01"]
[Round "2.5"]
[White "Bazakutsa, Svyatoslav"]
[Black "Spasic, Petar"]
[Result "1-0"]
[WhiteElo "2457"]
[BlackElo "2328"]
[PlyCount "105"]
[EventDate "2023.10.31"]
[EventType "tourn"]
[EventRounds "9"]
[EventCountry "SRB"]
[EventCategory "7"]
[SourceTitle "CB46_2023"]
[SourceDate "2023.11.15"]
[SourceVersion "1"]
[SourceVersionDate "2023.11.15"]
[SourceQuality "1"]

1. c4 g6 2. e4 Bg7 3. d4 c5 4. Nf3 d6 5. Nc3 Bg4 6. d5 Bxc3+ 7. bxc3 e5 8. h3 Bc8 9. Bd3 Qe7 10. Nh2 Nd7 11. Nf1 f5 12. exf5 e4 13. Be2 gxf5 14. Ng3 Ne5 15. Nh5 Bd7 16. Rb1 b6 17. Be3 h6 18. Qd2 Nf6 19. Bxh6 0-0-0 20. Nxf6 Qxf6 21. Bf4 Rde8 22. Kf1 Ng6 23. g3 Nxf4 24. gxf4 Rh4 25. Qe3 Qh6 26. Ke1 Rxf4 27. h4 Rh8 28. h5 Rg8 29. Kd2 Rgg4 30. Rh2 Be8 31. Bxg4 fxg4 32. Rg1 Qf6 33. Rg3 Bf7 34. Ke1 Bg8 35. Rh4 Qf5 36. h6 Bh7 37. Kf1 Kb7 38. Kg1 Ka6 39. Rh5 Qf6 40. Qe2 Rf3 41. Rxf3 exf3 42. Qe3 Qg6 43. Rh4 Qb1+ 44. Kh2 Bf5 45. Qf4 Qxa2 46. Qg3 Qc2 47. Rh5 Qb1 48. Qxd6 Ka5 49. Qc7 a6 50. h7 Qc2 51. Kg3 Bxh7 52. Qxh7 Qd1 53. Rh1 1-0

[Event "Arad op 16th"]
[Site "Arad"]
[Date "2023.08.10"]
[Round "6"]
[White "Kantor, Gergely"]
[Black "Bazakutsa, Svyatoslav"]
[Result "1-0"]
[WhiteElo "2527"]
[BlackElo "2382"]
[PlyCount "153"]
[EventDate "2023.08.07"]
[EventType "swiss"]
[EventRounds "9"]
[EventCountry "ROU"]
[SourceTitle "EXT 2024"]
[Source "ChessBase"]
[SourceDate "2023.10.10"]
[SourceVersion "1"]
[SourceVersionDate "2023.10.10"]
[SourceQuality "1"]

1. d4 Nf6 2. c4 g6 3. Nc3 Bg7 4. e4 d6 5. Nf3 0-0 6. Be2 e5 7. 0-0 exd4 8. Nxd4 Re8 9. f3 c6 10. Nc2 Na6 11. Kh1 h6 12. Bf4 d5 13. cxd5 cxd5 14. exd5 Nh5 15. Bd2 Nc7 16. Ne3 Bxc3 17. bxc3 Nxd5 18. Ng4 Qh4 19. Kg1 Qe7 20. Rf2 Bxg4 21. fxg4 Nhf6 22. Bf3 Ne3 23. Qa4 Rad8 24. h3 Qc7 25. Qxa7 Rxd2 26. Rxd2 Qxc3 27. Qd4 Qxd4 28. Rxd4 Nc2 29. Rd6 Nxa1 30. Rxf6 b5 31. Bd5 Re5 32. Bxf7+ Kg7 33. Re6 Rxe6 34. Bxe6 Nc2 35. Bd5 Kf6 36. Kf2 Ke5 37. Bb3 Nb4 38. Ke3 g5 39. Bg8 Na6 40. Kd3 Nb4+ 41. Kc3 Nc6 42. Bf7 Kd6 43. Be8 b4+ 44. Kc4 Ne5+ 45. Kxb4 Nd3+ 46. Kb5 Nf4 47. Bc6 Kc7 48. Bf3 Ne6 49. a4 Nd4+ 50. Kc4 Ne6 51. Kd5 Nf4+ 52. Ke5 Kb6 53. Kf6 Ka5 54. Kg7 Kxa4 55. Kxh6 Ne6 56. Bd5 Nf4 57. Bc6+ Kb4 58. Kxg5 Nd3 59. Kf6 Kc5 60. Be4 Nf4 61. Ke5 Ne2 62. g5 Ng3 63. Bf3 Nf1 64. g6 Nd2 65. Bd5 Nf1 66. g7 Ne3 67. g8Q Kb4 68. Qb8+ Kc3 69. Qb3+ Kd2 70. Qxe3+ Kxe3 71. h4 Kd2 72. h5 Ke3 73. h6 Kd3 74. g4 Ke3 75. g5 Kd3 76. g6 Ke3 77. g7 1-0

[Event "Belgrade Radnicki IM 07"]
[Site "Belgrade"]
[Date "2023.08.02"]
[Round "8"]
[White "Bazakutsa, Svyatoslav"]
[Black "Gkavardinas, Antonios"]
[Result "1-0"]
[WhiteElo "2351"]
[BlackElo "2146"]
[PlyCount "59"]
[EventDate "2023.07.26"]
[EventType "schev"]
[EventRounds "9"]
[EventCountry "SRB"]
[SourceTitle "CBM 215 Extra"]
[Source "ChessBase"]
[SourceDate "2023.09.30"]
[SourceVersion "1"]
[SourceVersionDate "2023.09.30"]
[SourceQuality "1"]

1. c4 e6 2. Nf3 d5 3. e3 Nf6 4. b3 Be7 5. Bb2 0-0 6. Nc3 c5 7. cxd5 exd5 8. d4 Nc6 9. Be2 Bg4 10. dxc5 Bxc5 11. 0-0 a6 12. h3 Be6 13. Bd3 Qe7 14. a3 Rfd8 15. Ne2 Rac8 16. b4 Bd6 17. Rc1 Ne4 18. Nf4 Bb8 19. Qe2 Bf5 20. Nd4 Nxd4 21. Bxd4 Qg5 22. Nxd5 Ng3 23. fxg3 Qxg3 24. Ne7+ Kf8 25. Nxf5 Qh2+ 26. Kf2 Rxc1 27. Bxg7+ Ke8 28. Rxc1 Rd5 29. Qf3 Rxd3 30. Qe4+ 1-0

[Event "Belgrade Radnicki IM 07"]
[Site "Belgrade"]
[Date "2023.08.01"]
[Round "7"]
[White "Mijailovic, Zoran"]
[Black "Bazakutsa, Svyatoslav"]
[Result "0-1"]
[WhiteElo "2322"]
[BlackElo "2351"]
[PlyCount "102"]
[EventDate "2023.07.26"]
[EventType "schev"]
[EventRounds "9"]
[EventCountry "SRB"]
[SourceTitle "CBM 215 Extra"]
[Source "ChessBase"]
[SourceDate "2023.09.30"]
[SourceVersion "1"]
[SourceVersionDate "2023.09.30"]
[SourceQuality "1"]

1. d4 Nf6 2. c4 g6 3. Nc3 Bg7 4. e4 d6 5. Bd3 0-0 6. Nge2 Nc6 7. 0-0 e5 8. d5 Nd4 9. f3 c5 10. Bg5 Bd7 11. Rb1 b6 12. Qd2 Qe8 13. b4 h5 14. bxc5 bxc5 15. Rb7 Bc8 16. Rb2 Nh7 17. Bh6 Qe7 18. Bxg7 Kxg7 19. f4 Nxe2+ 20. Nxe2 exf4 21. Qc3+ f6 22. Nxf4 Ng5 23. Rbf2 Qe5 24. Qxe5 dxe5 25. Ne2 h4 26. Nc3 h3 27. g3 Bg4 28. Be2 Bd7 29. Rb1 Rab8 30. Rff1 f5 31. exf5 gxf5 32. Kf2 f4 33. Rxb8 Rxb8 34. gxf4 exf4 35. Rb1 Ne4+ 36. Ke1 Rxb1+ 37. Nxb1 Kf6 38. Bd3 Ng5 39. Nd2 Ke5 40. Kf2 Kd4 41. Bg6 Bg4 42. Bb1 Kc3 43. Ne4+ Nxe4+ 44. Bxe4 Kxc4 45. d6 Kb4 46. Bc6 c4 47. d7 Bxd7 48. Bxd7 c3 49. Bf5 Ka3 50. Kf3 Kxa2 51. Kxf4 Kb2 0-1

[Event "Brasov GP RO"]
[Site "Brasov"]
[Date "2023.07.19"]
[Round "5"]
[White "Bazakutsa, Svyatoslav"]
[Black "Petkov, Momchil"]
[Result "1-0"]
[WhiteElo "2351"]
[BlackElo "2513"]
[PlyCount "119"]
[EventDate "2023.07.16"]
[EventType "swiss"]
[EventRounds "9"]
[EventCountry "ROU"]
[SourceTitle "CBM 215 Extra"]
[Source "ChessBase"]
[SourceDate "2023.09.30"]
[SourceVersion "1"]
[SourceVersionDate "2023.09.30"]
[SourceQuality "1"]

1. c4 e5 2. g3 Be7 3. Bg2 f5 4. Nc3 Nf6 5. d3 0-0 6. f4 d6 7. Nf3 Nbd7 8. 0-0 a5 9. e3 c6 10. b3 e4 11. Ng5 Nc5 12. dxe4 h6 13. Nh3 fxe4 14. Nf2 d5 15. cxd5 cxd5 16. Bb2 b6 17. Qd4 Ne6 18. Qd2 Nc7 19. Rfd1 Bd7 20. Rac1 Bc5 21. Ncxe4 dxe4 22. Bxf6 Qxf6 23. Nxe4 Qe7 24. Nxc5 bxc5 25. Qxd7 Qxe3+ 26. Kh1 Ra7 27. Qd2 Qxd2 28. Rxd2 Na6 29. a4 Rc7 30. Bd5+ Kh7 31. Bc4 Nb4 32. Re1 Nc6 33. Rc1 Nb4 34. Kg2 Re8 35. Kf2 Ree7 36. h4 g6 37. Bb5 Kg7 38. Rd6 Re4 39. h5 gxh5 40. Rh1 Rd4 41. Re6 Rd2+ 42. Ke3 Rd5 43. Rh2 Rf5 44. Ke4 Rcf7 45. Bc4 Rf8 46. Rb6 R5f6 47. Be6 Re8 48. f5 Rf7 49. Rd2 Rc7 50. Kf4 Rf8 51. Bc4 Nc6 52. Rd6 Ne7 53. f6+ Kh7 54. f7 Kg7 55. Rxh6 Rd7 56. Rxh5 Ng6+ 57. Kf3 Nh8 58. Rg5+ Kh7 59. Be6 Nxf7 60. Bf5+ 1-0

[Event "Brasov GP RO"]
[Site "Brasov"]
[Date "2023.07.17"]
[Round "3"]
[White "Bazakutsa, Svyatoslav"]
[Black "Negrean, Andrei"]
[Result "1-0"]
[WhiteElo "2351"]
[BlackElo "1935"]
[PlyCount "99"]
[EventDate "2023.07.16"]
[EventType "swiss"]
[EventRounds "9"]
[EventCountry "ROU"]
[SourceTitle "CBM 215 Extra"]
[Source "ChessBase"]
[SourceDate "2023.09.30"]
[SourceVersion "1"]
[SourceVersionDate "2023.09.30"]
[SourceQuality "1"]

1. c4 Nf6 2. Nf3 c5 3. d4 cxd4 4. Nxd4 e6 5. g3 Qb6 6. Bg2 Bc5 7. e3 Nc6 8. 0-0 Bxd4 9. exd4 Qxd4 10. Qxd4 Nxd4 11. Nc3 0-0 12. Bf4 Nf5 13. Rfd1 Ne8 14. Nb5 a6 15. Nc7 Nxc7 16. Bxc7 f6 17. Be4 Ne7 18. Bd6 Re8 19. b4 Kf7 20. a4 f5 21. Bg2 Ng8 22. f4 Nf6 23. Rd4 Rd8 24. Bc7 Rg8 25. c5 g5 26. fxg5 Rxg5 27. Bf3 Rg8 28. Re1 Rh8 29. Bd6 h6 30. Rh4 Rh7 31. a5 Rh8 32. h3 Kg6 33. Kf2 Rh7 34. Kg2 Rg7 35. g4 Kg5 36. Kg3 Rh7 37. gxf5 Kxf5 38. Rf4+ Kg6 39. Kf2 Rf7 40. Rg1+ Kh7 41. Be5 d5 42. Rxf6 Rg7 43. Rxg7+ Kxg7 44. Bh5 Bd7 45. Rf7+ Kg8 46. Rg7+ Kf8 47. Rxd7 Kg8 48. Rg7+ Kh8 49. Rxb7+ Kg8 50. Rg7+ 1-0

[Event "Vojvodina op 13th"]
[Site "Novi Sad"]
[Date "2023.07.04"]
[Round "8"]
[White "Bazakutsa, Svyatoslav"]
[Black "Mushini, Ajay"]
[Result "1-0"]
[WhiteElo "2351"]
[BlackElo "2306"]
[PlyCount "81"]
[EventDate "2023.06.29"]
[EventType "swiss"]
[EventRounds "9"]
[EventCountry "SRB"]
[SourceTitle "CBM 215 Extra"]
[Source "ChessBase"]
[SourceDate "2023.09.30"]
[SourceVersion "1"]
[SourceVersionDate "2023.09.30"]
[SourceQuality "1"]

1. c4 Nf6 2. Nf3 c6 3. Nc3 d5 4. e3 a6 5. h3 g6 6. b3 Bg7 7. Bb2 0-0 8. d4 b5 9. Be2 Nbd7 10. 0-0 dxc4 11. bxc4 Nb6 12. Ne5 Bb7 13. f4 bxc4 14. Rb1 Qc7 15. Ba3 Nbd5 16. Qc1 Nxc3 17. Qxc3 Nd5 18. Qb2 Rab8 19. Nxc4 a5 20. Bc5 Ba6 21. Qd2 Rxb1 22. Rxb1 g5 23. Rf1 gxf4 24. exf4 Rb8 25. Ne5 Bb5 26. Rf3 f6 27. Ng4 Bxe2 28. Qxe2 Rb1+ 29. Kh2 h5 30. Qe6+ Kh8 31. Ne5 Nxf4 32. Rxf4 fxe5 33. Rf5 e4+ 34. g3 Rb2+ 35. Kh1 Rb1+ 36. Kg2 Rb2+ 37. Kf1 Rb1+ 38. Ke2 Rb2+ 39. Kd1 Bf6 40. Qf7 Rb1+ 41. Kc2 1-0

[Event "Vojvodina op 13th"]
[Site "Novi Sad"]
[Date "2023.07.02"]
[Round "6"]
[White "Bazakutsa, Svyatoslav"]
[Black "Shahil, Dey"]
[Result "0-1"]
[WhiteElo "2351"]
[BlackElo "2333"]
[PlyCount "118"]
[EventDate "2023.06.29"]
[EventType "swiss"]
[EventRounds "9"]
[EventCountry "SRB"]
[SourceTitle "CBM 215 Extra"]
[Source "ChessBase"]
[SourceDate "2023.09.30"]
[SourceVersion "1"]
[SourceVersionDate "2023.09.30"]
[SourceQuality "1"]

1. c4 e5 2. g3 Nc6 3. Bg2 g6 4. Nc3 Bg7 5. d3 d6 6. e4 Nge7 7. Nge2 Bg4 8. h3 Be6 9. Nd5 0-0 10. 0-0 Qd7 11. Kh2 f5 12. Rb1 a6 13. Be3 Rae8 14. Qd2 Rf7 15. b4 Nd8 16. Bh6 Bxh6 17. Qxh6 c6 18. Nxe7+ Qxe7 19. exf5 Rxf5 20. Qe3 b5 21. g4 Rf7 22. Rbc1 d5 23. c5 Qc7 24. Qg3 g5 25. Rce1 d4 26. a3 Ref8 27. Be4 Bd5 28. Bf5 h5 29. Kg1 h4 30. Qh2 Bf3 31. Nc1 Rxf5 32. gxf5 Rxf5 33. Nb3 Ne6 34. Nd2 Bd5 35. Ne4 Nf4 36. Nd6 Qd7 37. f3 Rf8 38. Ne4 Nxd3 39. Rd1 Nf4 40. Nxg5 Qf5 41. Ne4 Nxh3+ 42. Kh1 Bxe4 43. Qg2+ Ng5 44. fxe4 Qxe4 45. Rde1 Rxf1+ 46. Rxf1 h3 47. Qxe4 Nxe4 48. Kh2 d3 49. Rf3 d2 50. Rd3 Kf7 51. Kg1 Ke6 52. Kh2 Kf5 53. Kg1 Kf4 54. Kh2 Ng5 55. Kh1 Nf3 56. a4 Ke4 57. a5 h2 58. Rxd2 Nxd2 59. Kxh2 Kf3 0-1

[Event "Vojvodina op 13th"]
[Site "Novi Sad"]
[Date "2023.06.29"]
[Round "1"]
[White "Temizer, Umut"]
[Black "Bazakutsa, Svyatoslav"]
[Result "0-1"]
[WhiteElo "2116"]
[BlackElo "2351"]
[PlyCount "90"]
[EventDate "2023.06.29"]
[EventType "swiss"]
[EventRounds "9"]
[EventCountry "SRB"]
[SourceTitle "CBM 215 Extra"]
[Source "ChessBase"]
[SourceDate "2023.09.30"]
[SourceVersion "1"]
[SourceVersionDate "2023.09.30"]
[SourceQuality "1"]

1. e4 c6 2. Nf3 d5 3. d3 Qc7 4. Nc3 dxe4 5. dxe4 e5 6. Bc4 h6 7. a4 Nf6 8. 0-0 a5 9. Nh4 Na6 10. f4 Bd6 11. Kh1 exf4 12. Qe1 0-0 13. Ng6 Re8 14. Bxf4 Be6 15. Bxd6 Qxd6 16. Bxa6 Ng4 17. e5 Qc7 18. Bd3 fxg6 19. Bxg6 Rf8 20. Qg3 Qxe5 21. Qxe5 Nxe5 22. Rfe1 Nxg6 23. Rxe6 Nh4 24. Kg1 Rad8 25. Rd1 Rxd1+ 26. Nxd1 Nf5 27. c3 Rd8 28. Ne3 Kf7 29. Re5 Nxe3 30. Rxe3 Rd1+ 31. Kf2 Rb1 32. Re2 Ra1 33. Ke3 Rxa4 34. Kd3 Rf4 35. b3 b6 36. Ke3 Rf5 37. Kd3 h5 38. c4 h4 39. Kd4 h3 40. gxh3 Rf3 41. Rb2 Kf6 42. b4 axb4 43. Ke4 Rxh3 44. Rxb4 b5 45. Kd4 Rxh2 0-1

[Event "Veliko Gradiste Silver Lake op-A"]
[Site "Veliko Gradiste"]
[Date "2023.06.24"]
[Round "8"]
[White "Aswath, S."]
[Black "Bazakutsa, Svyatoslav"]
[Result "1-0"]
[WhiteElo "2108"]
[BlackElo "2388"]
[PlyCount "71"]
[EventDate "2023.06.18"]
[EventType "swiss"]
[EventRounds "9"]
[EventCountry "SRB"]
[SourceTitle "CBM 215 Extra"]
[Source "ChessBase"]
[SourceDate "2023.09.30"]
[SourceVersion "1"]
[SourceVersionDate "2023.09.30"]
[SourceQuality "1"]

1. e4 c6 2. d4 d5 3. Nc3 dxe4 4. Nxe4 Nf6 5. Nxf6+ exf6 6. Nf3 Bd6 7. Bd3 0-0 8. 0-0 Bg4 9. h3 Bh5 10. Re1 a5 11. Be3 Na6 12. c4 Nc7 13. Bf5 Re8 14. a3 b5 15. Rc1 Ra6 16. g4 Bg6 17. cxb5 Nxb5 18. Nh4 Nc7 19. Nxg6 hxg6 20. Bd3 Rb6 21. Bd2 Rxe1+ 22. Qxe1 Rxb2 23. Bxa5 f5 24. Qc3 Ra2 25. Qxc6 Qh4 26. Rf1 Qf6 27. Qd7 Rxa3 28. Bxc7 Bxc7 29. Bc4 Bd6 30. Qe8+ Bf8 31. Rb1 Qxd4 32. Qxf7+ Kh7 33. g5 Rg3+ 34. Kf1 Qxc4+ 35. Qxc4 Rxg5 36. Rb8 1-0

[Event "Veliko Gradiste Silver Lake op-A"]
[Site "Veliko Gradiste"]
[Date "2023.06.19"]
[Round "3"]
[White "Bazakutsa, Svyatoslav"]
[Black "Srdanovic, Jovana"]
[Result "1-0"]
[WhiteElo "2388"]
[BlackElo "2047"]
[PlyCount "141"]
[EventDate "2023.06.18"]
[EventType "swiss"]
[EventRounds "9"]
[EventCountry "SRB"]
[SourceTitle "CBM 215 Extra"]
[Source "ChessBase"]
[SourceDate "2023.09.30"]
[SourceVersion "1"]
[SourceVersionDate "2023.09.30"]
[SourceQuality "1"]

1. c4 c6 2. d4 d5 3. cxd5 cxd5 4. Nc3 Nf6 5. Bf4 Nc6 6. e3 a6 7. Bd3 e6 8. h3 Be7 9. Rc1 Bd7 10. Nf3 0-0 11. 0-0 Rc8 12. a3 Na5 13. Ne5 b5 14. Qe2 Nc4 15. Bg5 Be8 16. f4 Nd7 17. Bxe7 Qxe7 18. e4 Nf6 19. exd5 exd5 20. g4 Qa7 21. Qf2 Rd8 22. Rcd1 Qb6 23. Kh2 g6 24. f5 Nxe5 25. dxe5 Qxf2+ 26. Rxf2 d4 27. Ne4 Nd5 28. Bb1 Ne3 29. Rd3 Bc6 30. Nf6+ Kg7 31. b3 a5 32. Rf4 a4 33. Ba2 Nc2 34. b4 Ne1 35. Rd1 Nf3+ 36. Rxf3 Bxf3 37. Rd2 d3 38. Kg3 Be2 39. Kf4 Rd4+ 40. Ke3 Rfd8 41. Ne8+ Kf8 42. Nc7 R4d7 43. Nxb5 Re7 44. e6 fxe6 45. Bxe6 Rc8 46. Nd4 gxf5 47. gxf5 Kg7 48. Kf4 Rc1 49. Ke5 Rb7 50. f6+ Kg6 51. Bd5 Rb8 52. f7 Rf1 53. Nxe2 Re1 54. Be4+ Kxf7 55. Bxd3 Re8+ 56. Kd4 Ra1 57. Nf4 Rxa3 58. Bc4+ Kg7 59. b5 Rf3 60. Ne6+ Kh6 61. b6 Rxh3 62. b7 Rb8 63. Bd5 Rh5 64. Nc5 a3 65. Kc4 Rg5 66. Bc6 Rg1 67. Ra2 Rc1+ 68. Kb4 Rd8 69. Rxa3 Rd4+ 70. Kb5 Rb1+ 71. Nb3 1-0

[Event "Titled Tuesday intern op 04th Apr Late"]
[Site "Chess.com INT"]
[Date "2023.04.04"]
[Round "7"]
[White "Bazakutsa, Svyatoslav"]
[Black "Fiorito, Joaquin"]
[Result "1-0"]
[WhiteElo "2388"]
[BlackElo "2366"]
[PlyCount "63"]
[EventDate "2023.04.04"]
[EventType "swiss (blitz)"]
[EventRounds "11"]
[EventCountry "USA"]
[SourceTitle "EXT 2024"]
[Source "ChessBase"]
[SourceDate "2023.10.10"]
[SourceVersion "1"]
[SourceVersionDate "2023.10.10"]
[SourceQuality "1"]

1. c4 Nf6 2. Nc3 e6 3. e4 d5 4. cxd5 exd5 5. e5 d4 6. exf6 dxc3 7. dxc3 Qxf6 8. Nf3 Bd6 9. Be2 0-0 10. 0-0 h6 11. h3 Nc6 12. Be3 Bf5 13. Bd3 Rad8 14. Nd4 Nxd4 15. Bxd4 Be5 16. Bxf5 Qxf5 17. Qb3 Bxd4 18. cxd4 Qd5 19. Rfc1 Qa5 20. Qxb7 Rxd4 21. Rxc7 Rb4 22. Qxa7 Qf5 23. b3 Qe5 24. Rac1 Re4 25. Qc5 Qb2 26. Qc2 Qe5 27. Rc4 Re2 28. Qb1 Qf6 29. Rf1 Rfe8 30. a4 Qd6 31. Qf5 Qb6 32. Qd3 1-0

[Event "Titled Tuesday intern op 04th Apr Late"]
[Site "Chess.com INT"]
[Date "2023.04.04"]
[Round "6"]
[White "Bortnyk, Olexandr"]
[Black "Bazakutsa, Svyatoslav"]
[Result "1-0"]
[WhiteElo "2605"]
[BlackElo "2388"]
[PlyCount "81"]
[EventDate "2023.04.04"]
[EventType "swiss (blitz)"]
[EventRounds "11"]
[EventCountry "USA"]
[SourceTitle "EXT 2024"]
[Source "ChessBase"]
[SourceDate "2023.10.10"]
[SourceVersion "1"]
[SourceVersionDate "2023.10.10"]
[SourceQuality "1"]

1. d4 Nf6 2. Nc3 d5 3. Bf4 g6 4. e3 Bg7 5. h4 a6 6. h5 Nxh5 7. Rxh5 gxh5 8. Qxh5 c6 9. Qh2 Qb6 10. 0-0-0 Nd7 11. Nf3 Nf6 12. Bc7 Qa7 13. Na4 Nd7 14. Qg3 Kf8 15. Bd3 b5 16. Nc3 Nf6 17. Rh1 Bg4 18. Be5 h5 19. Nh4 c5 20. f3 Be6 21. Nf5 Bxf5 22. Bxf5 cxd4 23. exd4 e6 24. Bd3 Ne8 25. Ne2 Bxe5 26. Qxe5 Ng7 27. Nf4 Rh6 28. g4 Qb8 29. Qg5 Rh8 30. Qf6 Kg8 31. gxh5 Qd8 32. Qe5 Qb8 33. Qe3 Qd8 34. h6 Ne8 35. h7+ Kf8 36. Rh6 Ra7 37. Qe5 Ng7 38. Nh5 f5 39. Rf6+ Ke8 40. Rxe6+ Kf8 41. Rf6+ 1-0

[Event "Titled Tuesday intern op 04th Apr Late"]
[Site "Chess.com INT"]
[Date "2023.04.04"]
[Round "8"]
[White "Goltseva, Ekaterina"]
[Black "Bazakutsa, Svyatoslav"]
[Result "0-1"]
[WhiteElo "2283"]
[BlackElo "2388"]
[PlyCount "80"]
[EventDate "2023.04.04"]
[EventType "swiss (blitz)"]
[EventRounds "11"]
[EventCountry "USA"]
[SourceTitle "EXT 2024"]
[Source "ChessBase"]
[SourceDate "2023.10.10"]
[SourceVersion "1"]
[SourceVersionDate "2023.10.10"]
[SourceQuality "1"]

1. d4 Nf6 2. c4 g6 3. Nc3 Bg7 4. e4 d6 5. Nge2 0-0 6. Ng3 h5 7. Be2 a5 8. Bg5 Nh7 9. Be3 Na6 10. Qd2 e5 11. d5 h4 12. Nf1 f5 13. exf5 gxf5 14. f4 e4 15. Bd4 Nf6 16. 0-0-0 b6 17. Ne3 Nc5 18. Rdg1 Kh7 19. g4 fxg4 20. Nxg4 Bxg4 21. Bxg4 Nxg4 22. Bxg7 Kxg7 23. Rxg4+ Kf7 24. Rhg1 Qf6 25. Qg2 Ke8 26. Nxe4 Nd3+ 27. Kb1 Qd4 28. Rg7 Kd8 29. Rd1 Kc8 30. Ng5 Qxg7 31. Qh3+ Kb7 32. Qxd3 Rf6 33. Qb3 Qg6+ 34. Ka1 Rxf4 35. Qb5 Qxg5 36. Qc6+ Kb8 37. Qe8+ Ka7 38. Qc6 Qe7 39. a4 Rb8 40. Rd3 Qe8 0-1